Länder, die auf Deutsch und Englisch verschieden beginnen - Statistiken

Allgemein
  • Dieses Quiz wurde 666 mal gespielt
    571 seit der letzten Aktualisierung
  • Das Durchschnittsergebnis liegt bei 13 aus 25
Antwortstatistiken
Land % Korrekt
Deutschland
86%
Vereinigtes Königreich
75%
Österreich
74%
Vereinigte Staaten
74%
Kanada
73%
Ägypten
64%
Kolumbien
58%
Vereinigte Arabische Emirate
57%
Kroatien
53%
Zypern
52%
Tschechien
51%
Ungarn
50%
Äthiopien
48%
Kambodscha
48%
Kuba
47%
Äquatorialguinea
42%
Kamerun
42%
Jemen
40%
Zentralafrikanische Republik
38%
Katar
36%
Komoren
32%
Tschad
32%
Kap Verde
30%
Simbabwe
30%
Sambia
29%
Keine übereinstimmenden Quizze gefunden
Verteilung der Resultate
Anzahl Personen mit jedem Resultat
Perzentil nach korrekt beantworteten Fragen
Ihre Resultats-Entwicklung
Sie haben dieses Quiz seit der letzten Aktualisierung nicht gespielt